| 000 | 00000cam 2200000zi 4500 |
| 001 | 9.947202 |
| 003 | CaOODSP |
| 005 | 20260206114942 |
| 006 | m o d f |
| 007 | cr mn||||||||| |
| 008 | 250121t20252025onc o f000 0 fre d |
| 020 | |a9780660753522 |
| 040 | |aCaOODSP|bfre|erda|cCaOODSP |
| 041 | 0 |afre|beng |
| 043 | |an-cn--- |
| 086 | 1 |aCi4-245/2025F-PDF |
| 245 | 00|a2024-25 sondages de suivi en ligne d'IRCC : |brapport final / |cpréparé pour Immigration, réfugiés et citoyenneté Canada. |
| 264 | 1|a[Ottawa] : |bImmigration, réfugiés et citoyenneté Canada = Immigration, Refugees and Citizenship Canada, |c2025. |
| 264 | 4|c©2025 |
| 300 | |a1 ressource en ligne (10 pages) + |eannexe (28 pages non numérotées) + sommaire (4 pages) |
| 336 | |atexte|btxt|2rdacontent/fre |
| 337 | |ainformatique|bc|2rdamedia/fre |
| 338 | |aressource en ligne|bcr|2rdacarrier/fre |
| 500 | |aPublié aussi en anglais sous le titre : 2024-25 IRCC online tracking surveys : final report. |
| 500 | |a« Fournisseur : Léger Marketing Inc. » |
| 500 | |a« Numéro du contrat : CW2375622. » |
| 500 | |a« Numéro d'enregistrement : POR 044-24. » |
| 546 | |aTexte principalement en français; comprend du texte en anglais. |
| 650 | 6|aImmigrants|zCanada|xOpinion publique. |
| 650 | 6|aRéfugiés|zCanada|xOpinion publique. |
| 650 | 6|aImmigrants|xPolitique gouvernementale|zCanada|xOpinion publique. |
| 650 | 6|aRéfugiés|xPolitique gouvernementale|zCanada|xOpinion publique. |
| 650 | 6|aOpinion publique|zCanada. |
| 651 | 6|aCanada|xÉmigration et immigration|xOpinion publique. |
| 651 | 6|aCanada|xÉmigration et immigration|xPolitique gouvernementale|xOpinion publique. |
| 710 | 1 |aCanada. |bImmigration, réfugiés et citoyenneté Canada, |eorganisme de publication. |
| 710 | 2 |aLéger Marketing, |econsultant. |
| 775 | 08|t2024-25 IRCC online tracking survey : |w(CaOODSP)9.947201 |
| 794 | |t2025-26 sondages de suivi en ligne d'IRCC : |w(CaOODSP)9.958280 |
| 795 | |t2023-24 sondages de suivi en ligne d'IRCC : |w(CaOODSP)9.940657 |
| 856 | 40|qPDF|s344 Ko|uhttps://publications.gc.ca/collections/collection_2025/ircc/Ci4-245-2025-fra.pdf|z(rapport final) |
| 856 | 40|qPDF|s520 Ko|uhttps://publications.gc.ca/collections/collection_2025/ircc/Ci4-245-2025-2.pdf|z(annexe 2) |
| 856 | 40|qPDF|s232 Ko|uhttps://publications.gc.ca/collections/collection_2025/ircc/Ci4-245-2025-1-fra.pdf|z(sommaire) |
| 856 | 4 |qHTML|sS.O.|uhttps://epe.bac-lac.gc.ca/100/200/301/pwgsc-tpsgc/por-ef/immigration_refugees/2025/044-24-f/044-24-rapport.html|z(rapport final) |
| 856 | 4 |qHTML|sS.O.|uhttps://epe.bac-lac.gc.ca/100/200/301/pwgsc-tpsgc/por-ef/immigration_refugees/2025/044-24-f/044-24_Instrument_Appendix.htm|z(annexe 2) |
| 856 | 4 |qHTML|sS.O.|uhttps://epe.bac-lac.gc.ca/100/200/301/pwgsc-tpsgc/por-ef/immigration_refugees/2025/044-24-f/sommaire/044-24-sommaire.html|z(sommaire) |
| 856 | 4 |qHTML|sS.O.|uhttps://epe.bac-lac.gc.ca/100/200/301/pwgsc-tpsgc/por-ef/immigration_refugees/2025/044-24-f/index.html|z(ensemble de données complet) |